000 00256nam a2200097Ia 4500
008 220204s9999 xx 000 0 und d
082 _a093
_bMIL.7
245 0 _aMilestones of history. 07. Twilight of princes
260 _aUSA
_bGeorge Weidenfeld
942 _cBK
999 _c36003
_d36003